<?xml version="1.0" encoding="UTF-8"?>
<record
    xmlns:xsi="http://www.w3.org/2001/XMLSchema-instance"
    xsi:schemaLocation="http://www.loc.gov/MARC21/slim http://www.loc.gov/standards/marcxml/schema/MARC21slim.xsd"
    xmlns="http://www.loc.gov/MARC21/slim">

  <leader>01116nam a2200241 a 4500</leader>
  <controlfield tag="001">000043267</controlfield>
  <controlfield tag="005">20250909091242.0</controlfield>
  <controlfield tag="008">140303s2010    sp            000 0 spa d</controlfield>
  <datafield tag="040" ind1=" " ind2=" ">
    <subfield code="a">DO-SdBNP</subfield>
    <subfield code="b">spia</subfield>
    <subfield code="c">BNPHU</subfield>
  </datafield>
  <datafield tag="100" ind1="1" ind2=" ">
    <subfield code="a">Lizcano Pell&#xF3;n, Manuel</subfield>
    <subfield code="9">70882</subfield>
  </datafield>
  <datafield tag="245" ind1="1" ind2="0">
    <subfield code="a">Manuel Lizcano Pell&#xF3;n /</subfield>
    <subfield code="c">Manuel Lizcano Pell&#xF3;n ; edici&#xF3;n, elecci&#xF3;n e introducci&#xF3;n Emm&#xE1;nuel Lizcano Fern&#xE1;ndez.</subfield>
  </datafield>
  <datafield tag="260" ind1=" " ind2=" ">
    <subfield code="a">Madrid :</subfield>
    <subfield code="b">Agencia Espa&#xF1;ola de Cooperaci&#xF3;n Internacional,</subfield>
    <subfield code="c">2010.</subfield>
  </datafield>
  <datafield tag="300" ind1=" " ind2=" ">
    <subfield code="a">261 p. ;</subfield>
    <subfield code="c">24 cm.</subfield>
  </datafield>
  <datafield tag="490" ind1="1" ind2=" ">
    <subfield code="a">Antolog&#xED;a del pensamiento pol&#xED;tico, social y econ&#xF3;mico de Am&#xE9;rica latina ;</subfield>
    <subfield code="v">14</subfield>
  </datafield>
  <datafield tag="490" ind1="1" ind2=" ">
    <subfield code="a">Ciencias y humanismo</subfield>
  </datafield>
  <datafield tag="504" ind1=" " ind2=" ">
    <subfield code="a">Incluye referencias bibliogr&#xE1;ficas y notas al pie de las p&#xE1;ginas</subfield>
  </datafield>
  <datafield tag="504" ind1=" " ind2=" ">
    <subfield code="a">Bibliograf&#xED;a : p.253 -261</subfield>
  </datafield>
  <datafield tag="500" ind1=" " ind2=" ">
    <subfield code="a">Incluye datos biogr&#xE1;ficos de los editor en al solapa de la cubierta</subfield>
  </datafield>
  <datafield tag="700" ind1="1" ind2=" ">
    <subfield code="a">Lizcano Fern&#xE1;ndez, Emm&#xE1;nuel</subfield>
    <subfield code="e">ed.</subfield>
    <subfield code="9">70883</subfield>
  </datafield>
  <datafield tag="710" ind1="2" ind2=" ">
    <subfield code="a">Agencia Espa&#xF1;ola de Cooperaci&#xF3;n Internacional</subfield>
    <subfield code="9">34585</subfield>
  </datafield>
  <datafield tag="830" ind1=" " ind2="0">
    <subfield code="a">Antolog&#xED;a del pensamiento pol&#xED;tico, social y econ&#xF3;mico de Am&#xE9;rica Latina</subfield>
    <subfield code="v">14</subfield>
    <subfield code="9">70880</subfield>
  </datafield>
  <datafield tag="830" ind1=" " ind2="0">
    <subfield code="a">Ciencias y humanismo</subfield>
    <subfield code="9">70218</subfield>
  </datafield>
  <datafield tag="952" ind1=" " ind2=" ">
    <subfield code="0">0</subfield>
    <subfield code="1">0</subfield>
    <subfield code="5">0</subfield>
    <subfield code="7">1</subfield>
    <subfield code="8">MO</subfield>
    <subfield code="a">GR</subfield>
    <subfield code="b">GR</subfield>
    <subfield code="c">CT</subfield>
    <subfield code="d">2014-03-03</subfield>
    <subfield code="i">LF1</subfield>
    <subfield code="l">0</subfield>
    <subfield code="o"> </subfield>
    <subfield code="p">43267-10</subfield>
    <subfield code="r">2020-06-25</subfield>
    <subfield code="w">2020-06-25</subfield>
    <subfield code="y">1</subfield>
    <subfield code="Z">No se presta</subfield>
  </datafield>
  <datafield tag="999" ind1=" " ind2=" ">
    <subfield code="c">42756</subfield>
    <subfield code="d">42756</subfield>
  </datafield>
</record>
